000 00491pab a2200181 454500
008 180718b2013 xxu||||| |||| 00| 0 eng d
100 _aDas, Samir Kumar
245 _aService-led economic growth pattern and prospect: Special reference to India
260 _c2013
300 _ap.473-488.
362 _aJan
650 _aEconomic growth - India
650 _aEconomic growth
700 _aBehera, Minaketan
773 _aIndian Journal of Economics
908 _aN
909 _a99603
999 _c99602
_d99602